Russia Pre-Revolution - Statistics

General Stats
  • This quiz has been taken 10 times
  • The average score is 13 of 30
Answer Stats
Hint Answer % Correct
Who was the Tsar from 1855-1881? Alexander II
100%
What was the legislative body of the Russian Empire? Duma
100%
Which faction of the Social Democrats translates as 'majority' despite being the minority? Bolshevik
83%
Who was the 'only person' who could cure the Tsarevich? Grigori Rasputin
83%
Which faction of the Social Democrats translates as 'minority' despite being the majority? Menshevik
83%
Who was the Tsar from 1894-1917? Nicholas II
83%
Serfs were peasants who lived on (state/private) lands? Private
83%
Who was the leader of this political faction? Vladimir Lenin
83%
She was disliked in Russia because she was.... German
67%
When was the emancipation of the serfs? 1861
50%
By 14th February, how many are still on strike? 100,000
33%
How much of the world was controlled by Russia in 1917? 15%
33%
When did these two factions split? 1903
33%
At the time of the emancipation, what % of the population were serfs? 38%
33%
What was the Tsar's wife called? Alexandra
33%
What was the Tsar's son called? Alexis
33%
Which genetic disorder did he suffer from? Haemophilia
33%
Who was the leader of this political faction? Julius Martov
33%
Whose beliefs did these two factions follow? Karl Marx
33%
How many were on strike on the 9th January? 140,000
17%
How many Russians were killed in WW1? 1.8 million
17%
When did the Tsar take full control of the Russian Army? August 1915
17%
Which type of leadership existed under the Tsar? Autocracy
17%
9th January strikes were for the 12th anniversary of... Bloody Sunday
17%
Who was mainly responsible for Rasputin's assassination? Felix Yusupov
17%
Which government announcement on February 19th accelerates plans of revolution? Food Rationing
17%
What did the Tsar call revolutionaries? Hooligans
17%
Which spiritual cult was Rasputin a member of? Khlysty
17%
What was the Tsar's secret police called? Okhrana
17%
Which celebration was on the 23rd February? Women's Day
17%
No matching quizzes found
Score Distribution
Percent of People with Each Score
Percentile by Number Answered
Your Score History
You have not taken this quiz